000
00267cam a2200121ua 4500
082
_a
612.65
_b
TUR/KN
100
_a
Tur, A .
_9
1751
245
0
0
_a
Know Your Child /
250
_a
1 /
260
_a
Moscow :
_b
Peace Publishers ,
_c
1964.
300
_a
264 ; .
942
_c
BK
999
_c
747
_d
747